<?xml version="1.0" encoding="UTF-8"?>
<collection xmlns="http://www.loc.gov/MARC21/slim">
 <record>
  <leader>01489nam a22002657a 4500</leader>
  <controlfield tag="001">30393</controlfield>
  <controlfield tag="003">BD-DhAAL</controlfield>
  <controlfield tag="005">20241205104744.0</controlfield>
  <controlfield tag="008">150906s2010    bg a|||| |||| 00| 0 eng d</controlfield>
  <datafield tag="040" ind1=" " ind2=" ">
   <subfield code="a">BD-DhAAL</subfield>
   <subfield code="c">BD-DhAAL</subfield>
  </datafield>
  <datafield tag="082" ind1=" " ind2=" ">
   <subfield code="2">22</subfield>
   <subfield code="a">307.1412095492</subfield>
  </datafield>
  <datafield tag="245" ind1=" " ind2=" ">
   <subfield code="a">BRAC :</subfield>
   <subfield code="b">Southern Sudan,</subfield>
   <subfield code="f">2009</subfield>
   <subfield code="k">annual report</subfield>
   <subfield code="p">realising potential.</subfield>
  </datafield>
  <datafield tag="260" ind1=" " ind2=" ">
   <subfield code="a">Dhaka :</subfield>
   <subfield code="b">BRAC,</subfield>
   <subfield code="c">2010.</subfield>
  </datafield>
  <datafield tag="300" ind1=" " ind2=" ">
   <subfield code="a">39 pages :</subfield>
   <subfield code="b">illustrations, map ;</subfield>
   <subfield code="c">28 cm</subfield>
  </datafield>
  <datafield tag="526" ind1=" " ind2=" ">
   <subfield code="a">AAL</subfield>
  </datafield>
  <datafield tag="541" ind1=" " ind2=" ">
   <subfield code="e">30393, 30678, 32795.</subfield>
   <subfield code="a">Complimentary copy from BRAC</subfield>
  </datafield>
  <datafield tag="610" ind1=" " ind2=" ">
   <subfield code="a">BRAC</subfield>
   <subfield code="9">14405</subfield>
  </datafield>
  <datafield tag="650" ind1=" " ind2=" ">
   <subfield code="a">Rural development</subfield>
   <subfield code="z">Bangladesh.</subfield>
   <subfield code="9">14406</subfield>
  </datafield>
  <datafield tag="710" ind1=" " ind2=" ">
   <subfield code="a">BRAC</subfield>
   <subfield code="9">14405</subfield>
  </datafield>
  <datafield tag="852" ind1=" " ind2=" ">
   <subfield code="a">Ayesha Abed Library</subfield>
   <subfield code="c">BRAC Resource Section</subfield>
  </datafield>
  <datafield tag="942" ind1=" " ind2=" ">
   <subfield code="2">ddc</subfield>
   <subfield code="c">BK</subfield>
  </datafield>
  <datafield tag="999" ind1=" " ind2=" ">
   <subfield code="c">36079</subfield>
   <subfield code="d">36079</subfield>
  </datafield>
  <datafield tag="952" ind1=" " ind2=" ">
   <subfield code="0">0</subfield>
   <subfield code="1">0</subfield>
   <subfield code="2">ddc</subfield>
   <subfield code="4">0</subfield>
   <subfield code="6">307_141209549200000_BRA</subfield>
   <subfield code="7">1</subfield>
   <subfield code="8">RPT</subfield>
   <subfield code="9">56695</subfield>
   <subfield code="a">BRACUL</subfield>
   <subfield code="b">BRACUL</subfield>
   <subfield code="c">BRS</subfield>
   <subfield code="d">2015-11-09</subfield>
   <subfield code="e">Complimentary copy from BRAC</subfield>
   <subfield code="l">0</subfield>
   <subfield code="o">307.1412095492 BRA</subfield>
   <subfield code="p">3010030393</subfield>
   <subfield code="r">2015-11-09</subfield>
   <subfield code="t">1</subfield>
   <subfield code="w">2015-11-09</subfield>
   <subfield code="y">BK</subfield>
   <subfield code="x">Complimentary copy from BRAC ; price not available in register</subfield>
  </datafield>
  <datafield tag="952" ind1=" " ind2=" ">
   <subfield code="0">0</subfield>
   <subfield code="1">0</subfield>
   <subfield code="2">ddc</subfield>
   <subfield code="4">0</subfield>
   <subfield code="6">307_141209549200000_BRA</subfield>
   <subfield code="7">1</subfield>
   <subfield code="8">RPT</subfield>
   <subfield code="9">57113</subfield>
   <subfield code="a">BRACUL</subfield>
   <subfield code="b">BRACUL</subfield>
   <subfield code="c">BRS</subfield>
   <subfield code="d">2015-12-01</subfield>
   <subfield code="e">Complimentary copy from BRAC</subfield>
   <subfield code="l">0</subfield>
   <subfield code="o">307.1412095492 BRA</subfield>
   <subfield code="p">3010030678</subfield>
   <subfield code="r">2015-12-01</subfield>
   <subfield code="t">2</subfield>
   <subfield code="w">2015-12-01</subfield>
   <subfield code="y">BK</subfield>
   <subfield code="x">Complimentary copy from BRAC ; price not available in register</subfield>
  </datafield>
  <datafield tag="952" ind1=" " ind2=" ">
   <subfield code="0">0</subfield>
   <subfield code="1">0</subfield>
   <subfield code="2">ddc</subfield>
   <subfield code="4">0</subfield>
   <subfield code="6">307_141209549200000_BRA</subfield>
   <subfield code="7">1</subfield>
   <subfield code="8">RPT</subfield>
   <subfield code="9">63332</subfield>
   <subfield code="a">BRACUL</subfield>
   <subfield code="b">BRACUL</subfield>
   <subfield code="c">BRS</subfield>
   <subfield code="d">2015-12-01</subfield>
   <subfield code="e">Complimentary copy from BRAC</subfield>
   <subfield code="l">0</subfield>
   <subfield code="o">307.1412095492 BRA</subfield>
   <subfield code="p">3010032795</subfield>
   <subfield code="r">2018-05-20</subfield>
   <subfield code="t">3</subfield>
   <subfield code="w">2015-12-01</subfield>
   <subfield code="y">BK</subfield>
   <subfield code="x">Complimentary copy from BRAC ; price not available in register</subfield>
  </datafield>
 </record>
</collection>
